000 00318nam a22001457a 4500
003 SGT
020 _a9788185790275
082 _a615.19
_bD21B
100 _aBURANDE, MAHESH.D.
245 _aDRUG STORE ADMINISTRATION
260 _aPUNE
_bNIRALI PUB.
_c2021
300 _aIII.7
650 _aPHARMACY
942 _2ddc
_cBK
999 _c22953
_d22953